000 01417nam a22003617a 4500
001 2488101
003 OSt
005 20210426095407.0
008 910916s1992 nyua b 001 0 eng
010 _a 91033021
020 _a0387977236 (SpringerVerlag New York Berlin Heidelberg : acidfree paper)
020 _a3540977236 (SpringerVerlag Berlin Heidelberg New York : acidfree paper)
040 _aeng
_cDLC
_deng
_beng
041 _aeng
050 0 0 _aR864
_b.A87 1992
080 _a61
_bB-18
082 0 0 _a651.5/04261/0285
_220
245 0 0 _aAspects of the computer-based patient record /
_cMarion J. Ball, Morris F. Collen, editors.
_b/ by: Springer-Verlag
260 _aNew York :
_bSpringer-Verlag,
_cc1992.
300 _axxv, 316 p. :
_bill. ;
_c25 cm.
490 1 _aComputers in health care
504 _aIncludes bibliographical references and index.
650 0 _aMedical records
_xData processing.
650 0 _aMedicine
_969
653 _aმედიცინა
653 _aსამედიცინო ჩანაწერები
700 1 _aBall, Marion J.
700 1 _aCollen, Morris F.
_q(Morris Frank),
_d1913-2014.
830 0 _aComputers in health care (New York, N.Y.)
906 _a7
_bcbc
_corignew
_d1
_eocip
_f19
_gy-gencatlg
942 _2udc
_cBK
999 _c875
_d875